000 00797nam a2200241 a 4500
001 48604
003 BD-RjUL
005 20211209054543.0
008 160814s19571932II |||| |||| 00| 0 ben d
020 _c:TK. 3.00
035 _a(BD-RjUL)48723
040 _aBD-RjUL
_bben
_cBD-RjUL
041 _aben
082 _223
_a891.441
_bDAR 1957
100 1 _aদাশ, জীবনানন্দ
_9124144
245 1 0 _aরূপসী বাংলা /
_cজীবনানন্দ দাশ
250 _a১ম সং.
260 _aকলকাতা :
_bবেঙ্গল পাবলিশার্স,
_c১৯৫৭
300 _a৭৪ পৃ. ;
_c২১ সেমি.
650 _aবাংলা
_9126131
_vকবিতা
650 _aBengali
_9126132
_v Poetry
942 _2ddc
_cBK
999 _c48604
_d48604